000 00449nam a2200181Ia 4500
001 1429
005 20260306143727.0
008 260306t2005||||xx |||||||||||||| ||spa||
041 _aESP
082 _a150
_bS21
100 _aSanz De Acedo Lizarraga, María Luisa (coord.)
_eAUT
245 0 _aPsicología:
_bMente y conducta
260 _c2005
300 _a533 páginas :
_c21 cm.
650 _aGEN
654 _aCPS
942 _cLIB
_dJUS
_fJUS
_2ddc
_n
999 _c1429
_d1429